000 00607nam a22001817a 4500
005 20251108164240.0
008 250721s1988 xx 000 0 ara d
082 1 4 _a327.73056/نبي
100 1 _aحيدري، نبيل
245 1 0 _aحروب بلا نهاية :
_bالتدخل الأميركي في بلدان العالم الثالث /
264 1 _aدمشق :
_bصبرا للطباعة و النشر،
_c1988.
300 _a193ص
650 1 7 _aالولايات المتحدة
650 1 7 _aالعلاقات الدولية
650 1 7 _aالشرق الأوسط
942 _2ddc
_cBK
999 _c7424
_d7424